History Quiz

Random History or Politics Quiz

One party states Quiz Stats

 Plays Quiz not verified by Sporcle

Challenge
Share
Tweet
Embed
Score 0/22 Timer 05:00
0 Plays Today
Party state % Correct
DemocratNew York
96.1%
RepublicanTexas
95.3%
DemocratCalifornia
95.2%
RepublicanArizona
94.1%
RepublicanAlabama
91.1%
RepublicanSouth Carolina
90.5%
DemocratHawaii
90.2%
RepublicanMississippi
88.8%
DemocratWashington
88.5%
RepublicanGeorgia
88.4%
RepublicanUtah
87.9%
Party state % Correct
RepublicanKansas
85.9%
DemocratOregon
85.8%
DemocratMontana
85.2%
RepublicanOklahoma
84.8%
RepublicanTennessee
84.5%
DemocratWest Virginia
84.1%
DemocratColorado
83.8%
DemocratMaryland
82.5%
RepublicanIdaho
82.1%
RepublicanWyoming
79.4%
DemocratDelaware
78.3%

You're not logged in!

Compare scores with friends on all Sporcle quizzes.
Join for Free
OR
Log In

You Might Also Like...

Show Comments

Extras

Top Quizzes Today


Score Distribution

Your Account Isn't Verified!

In order to create a playlist on Sporcle, you need to verify the email address you used during registration. Go to your Sporcle Settings to finish the process.

Report this User

Report this user for behavior that violates our Community Guidelines.

Details: